| 000 | 00828cam a22002298a 4500 | ||
|---|---|---|---|
| 005 | 20131028062203.0 | ||
| 008 | 920228s1992 nyua b 001 0 eng | ||
| 020 | _a0684191482 | ||
| 041 | 0 | _aeng | |
| 080 | _a323.14 | ||
| 100 | 1 | _aHacker, Andrew. | |
| 245 | 1 | 0 |
_aTwo nations : _cAndrew Hacker. |
| 260 |
_aNew York : _bScribner's ; _aToronto : _bMaxwell Macmillan Canada ; _aNew York : _bMaxwell Macmillan International, _cc1992. |
||
| 263 | _a9203 | ||
| 300 |
_axiii, 257 p. : _bill. ; _c25 cm. |
||
| 500 | _aPreface : f. IX - XIII | ||
| 504 | _aIncludes bibliographical references (p. 237-244) and index. | ||
| 650 | 0 |
_aRacizmi _zShtetet e Bashkuara |
|
| 650 | 0 |
_aAfro-amerikanët _xGjendja sociale _y1975- |
|
| 651 | 0 |
_aUnited States _xMarrëdhëniet për raca |
|
| 942 |
_2udc _cBK |
||
| 999 |
_c162 _d162 |
||